| 000 | 00798nac a22002537a 4500 | ||
|---|---|---|---|
| 001 | BR9903687 | ||
| 003 | BR-BrBNA | ||
| 005 | 20240105122246.0 | ||
| 008 | 230509b bl.|||m| |||| 00| 0 por d | ||
| 040 |
_aBR-BrBNA _bpor _cBiblioteca Nacional de Agricultura |
||
| 072 | _aP33 | ||
| 090 | _aP33 BR9903687 | ||
| 110 | 1 |
_aCentro Nacional de Pesquisa de Solos, Rio de Janeiro, RJ (Brasil) _91803 |
|
| 245 | 1 | _aManual de Metodos de Analise de Solo | |
| 260 | 3 |
_aRio de Janeiro, RJ (Brasil): _c1997. |
|
| 300 | _a212 p. | ||
| 490 |
_aDocumento - Centro Nacional de Pesquisa de Solos (Brazil) _vno 1 _x |
||
| 500 | _aSeveral bibliography | ||
| 650 | _aSolo | ||
| 650 | _aAnalise Fisica | ||
| 650 | _aAnalise Quimica | ||
| 909 |
_a202312 _bLúcia Elande _c55 _dLúcia Elande |
||
| 942 |
_2AGRIS _n0 _cMS |
||
| 999 |
_c290071 _d290071 |
||